|
|
|
|
| LEADER |
00000nab a2200000 a 4500 |
| 001 |
vtls001494855 |
| 003 |
SK-MaSNL |
| 005 |
20260304141407.0 |
| 008 |
250505c2004 xo 0 slo |
| 015 |
|
|
|a SNBCL2005/2
|
| 035 |
|
|
|a (uuid)ee07f461-f1b4-408c-8e25-21c850db2e63
|
| 035 |
|
|
|a urn:nbn:sk:snk-abu6g
|
| 035 |
|
|
|a (urnnbn)urn:nbn:sk:snk:ar-a05n6c
|
| 040 |
|
|
|a SNKBUCL
|b slo
|c SNKBUCL
|e AACR2
|
| 041 |
0 |
|
|a slo
|
| 044 |
|
|
|a xo
|c SK
|
| 080 |
|
|
|a 616.89-008.441.42-055.2:173.7:061.3
|2 1981
|
| 100 |
1 |
|
|a Niňajová, S.
|4 aut
|9 1147861
|
| 245 |
1 |
0 |
|a Psychologická sonda do rodinnej štruktúry u pacientok s mentálnou anorexiou
|c S. Niňajová, Ľ. Tichá, J. Birčák
|
| 650 |
0 |
7 |
|a rodinné vzťahy
|2 MESH
|9 3865
|
| 650 |
0 |
7 |
|a dotazníky
|x využitie
|2 MESH
|9 840640
|
| 650 |
0 |
7 |
|a ženy
|x psychológia
|2 MESH
|9 1066859
|
| 650 |
0 |
7 |
|a mentálna anorexia
|2 MESH
|9 79198
|
| 650 |
0 |
7 |
|a diagnostika (medicína)
|2 MESH
|9 28740
|
| 700 |
1 |
|
|a Tichá, Ľubica
|4 aut
|9 18159
|
| 700 |
1 |
|
|a Birčák, Ján,
|d 1923-2011
|4 aut
|9 119082
|
| 711 |
1 |
|
|a Slovenský psychiatrický zjazd
|n (6. :
|d 2004 :
|c Spišská Nová Ves, Slovensko)
|4 aut
|9 89910
|
| 773 |
0 |
|
|t Psychiatria pre prax
|g pr. k č. 2/2004, supl. S1 (2004), s. S46
|x 1335-9584
|
| 850 |
|
|
|a Slovenská národná knižnica
|
| 852 |
|
|
|a Slovenská národná knižnica
|
| 954 |
|
|
|a odborná, vedecká literatúra pôvodná (slovenská)
|2 lita
|
| 958 |
|
|
|a article27
|
| 958 |
|
|
|a OND
|
| 958 |
|
|
|a EUIPO
|
| 999 |
|
|
|c 2918616
|d 2920546
|